Communes d'Ile-de-France desservies par un transport lourd - Statistiques

Statistiques générales
  • Ce quiz a été pris 4 fois
  • Le résultat moyen est 192 sur 398
Statistiques - réponses
Réponse % Correct
Alfortville
100%
Antony
100%
Argenteuil
100%
Asnières-sur-Seine
100%
Aubervilliers
100%
Aulnay-sous-Bois
100%
Aulnay-sur-Mauldre
100%
Bobigny
100%
Bondy
100%
Cergy
100%
Charenton-le-Pont
100%
Chessy
100%
Clamart
100%
Clichy
100%
Corbeil-Essonnes
100%
Créteil
100%
Epinay-sur-Orge
100%
Epinay-sur-Seine
100%
Evry-Courcouronnes
100%
Fontaine-le-Port
100%
Garges-les-Gonesse
100%
Gennevilliers
100%
Gentilly
100%
Gonesse
100%
Issy-les-Moulineaux
100%
Ivry-sur-Seine
100%
La Courneuve
100%
Le Blanc-Mesnil
100%
Le Bourget
100%
Le Plessis-Bouchard
100%
Le Plessis-Robinson
100%
Le Plessis-Trévise
100%
Maisons-Alfort
100%
Malakoff
100%
Mantes-la-Jolie
100%
Mantes-la-Ville
100%
Massy
100%
Meaux
100%
Melun
100%
Montrouge
100%
Nanterre
100%
Neuilly-Plaisance
100%
Neuilly-sur-Seine
100%
Neuville-sur-Oise
100%
Noisy-le-Grand
100%
Noisy-le-Sec
100%
Orly
100%
Paris
100%
Poissy
100%
Puteaux
100%
Roissy-en-Brie
100%
Rosny-sous-Bois
100%
Rosny-sur-Seine
100%
Rungis
100%
Saint-Denis
100%
Saint-Germain-en-Laye
100%
Saint-Maur-des-Fossés
100%
Sarcelles
100%
Sevran
100%
Sèvres
100%
Tournan-en-Brie
100%
Vanves
100%
Versailles
100%
Vincennes
100%
Vitry-sur-Seine
100%
Arnouville
75%
Athis-Mons
75%
Bagneux
75%
Bois-Colombes
75%
Boissy-l'Aillerie
75%
Boissy-Saint-Léger
75%
Boulogne-Billancourt
75%
Brétigny-sur-Orge
75%
Champigny-sur-Marne
75%
Chatou
75%
Chelles
75%
Choisy-le-Roi
75%
Colombes
75%
Conflans-Sainte-Honorine
75%
Courbevoie
75%
Courcelles-sur-Viosne
75%
Drancy
75%
Etampes
75%
Fontainebleau
75%
Fontenay-aux-Roses
75%
Fontenay-le-Fleury
75%
Fontenay-sous-Bois
75%
Fosses
75%
Garches
75%
Gif-sur-Yvette
75%
Goussainville
75%
Grigny
75%
Houilles
75%
Jouy-en-Josas
75%
Juvisy-sur-Orge
75%
Le Kremlin-Bicêtre
75%
Les Lilas
75%
Levallois-Perret
75%
L'Hay-les-Roses
75%
Livry-Gargan
75%
Longjumeau
75%
Louvres
75%
Mitry-Mory
75%
Montgeron
75%
Montigny-le-Bretonneux
75%
Montigny-les-Cormeilles
75%
Montré
75%
Montreuil
75%
Nogent-sur-Marne
75%
Ozoir-la-Ferrière
75%
Palaiseau
75%
Pantin
75%
Plaisir
75%
Pontoise
75%
Rambouillet
75%
Ris-Orangis
75%
Rueil-Malmaison
75%
Saint-Cloud
75%
Saint-Germain-les-Arpajon
75%
Saint-Germain-sur-Morin
75%
Saint-Mandé
75%
Sartrouville
75%
Sceaux
75%
Stains
75%
Sucy-en-Brie
75%
Suresnes
75%
Survilliers
75%
Torcy
75%
Trappes
75%
Villejuif
75%
Villeneuve-Saint-Georges
75%
Villepinte
75%
Yerres
75%
Ablon-sur-Seine
50%
Achères
50%
Arpajon
50%
Avon
50%
Bagnolet
50%
Beauchamp
50%
Beaumont-sur-Oise
50%
Bièvres
50%
Boigneville
50%
Bois-le-Roi
50%
Bonneuil-sur-Marne
50%
Bouray-sur-Juine
50%
Bourg-la-Reine
50%
Breuillet
50%
Brunoy
50%
Bures-sur-Yvette
50%
Bussy-Saint-Georges
50%
Cachan
50%
Carrières-sur-Seine
50%
Cesson
50%
Champlan
50%
Champs-sur-Marne
50%
Châtenay-Malabry
50%
Chaville
50%
Chilly-Mazarin
50%
Combs-la-Ville
50%
Crosne
50%
Dammartin-en-Goele
50%
Dourdan
50%
Egly
50%
Enghien-les-Bains
50%
Epone
50%
Ermont
50%
Esbly
50%
Etrechy
50%
Franconville
50%
Gournay-sur-Marne
50%
Igny
50%
La Ferté-Alais
50%
La Ferté-sous-Jouarre
50%
La Garenne-Colombes
50%
La Norville
50%
Lardy
50%
Le Coudray-Montceaux
50%
Le Mée-sur-Seine
50%
Les Pavillons-sous-Bois
50%
Lieusaint
50%
Livry-sur-Seine
50%
Lognes
50%
Luzarches
50%
Maisons-Laffitte
50%
Marly-le-Roi
50%
Marolles-en-Hurepoix
50%
Mennecy
50%
Meudon
50%
Montereau-Fault-Yonne
50%
Montfermeil
50%
Morsang-sur-Orge
50%
Nemours
50%
Noisiel
50%
Orsay
50%
Persan
50%
Pontault-Combault
50%
Quincy-sous-Sénart
50%
Quincy-Voisins
50%
Romainville
50%
Saint-Brice-sous-Forêt
50%
Saint-Cyr-l'Ecole
50%
Sainte-Geneviève-des-Bois
50%
Saint-Gratien
50%
Saint-Martin-du-Tertre
50%
Saint-Michel-sur-Orge
50%
Saint-Ouen-l'Aumone
50%
Saint-Ouen-sur-Seine
50%
Saint-Rémy-les-Chevreuse
50%
Sannois
50%
Savigny-le-Temple
50%
Savigny-sur-Orge
50%
Sermaise
50%
Thiais
50%
Tremblay-en-France
50%
Us
50%
Valmondois
50%
Vaux-sur-Seine
50%
Vélizy-Villacoublay
50%
Verneuil-sur-Seine
50%
Vigneux-sur-Seine
50%
Villabé
50%
Villeneuve-la-Garenne
50%
Villeneuve-le-Roi
50%
Villeparisis
50%
Villiers-le-Bel
50%
Viroflay
50%
Viry-Chatillon
50%
Andrésy
25%
Arcueil
25%
Aubergenville
25%
Auvers-sur-Oise
25%
Ballancourt-sur-Essonne
25%
Béhoust
25%
Belloy-en-France
25%
Bessancourt
25%
Bezons
25%
Boissise-le-Roi
25%
Bonnières-sur-Seine
25%
Bouffémont
25%
Bougival
25%
Boussy-Saint-Antoine
25%
Boutigny-sur-Essonne
25%
Bruyères-le-Chatel
25%
Bry-sur-Marne
25%
Chamarande
25%
Champagne-sur-Oise
25%
Champagne-sur-Seine
25%
Chars
25%
Châtillon
25%
Chevilly-Larue
25%
Claye-Souilly
25%
Clichy-sous-Bois
25%
Compans
25%
Condé-Sainte-Libiaire
25%
Cormeilles-en-Parisis
25%
Crécy-la-Chapelle
25%
Croissy-sur-Seine
25%
Crouy-sur-Ourcq
25%
Dammarie-les-Lys
25%
Deuil-la-Barre
25%
Domont
25%
Dugny
25%
Eaubonne
25%
Emerainville
25%
Gagny
25%
Garancières
25%
Gironville-sur-Essonne
25%
Gretz-Armainvilliers
25%
Groslay
25%
Herblay-sur-Seine
25%
Joinville-le-Pont
25%
Juilly
25%
La Celle-Saint-Cloud
25%
La Frette-sur-Seine
25%
Lagny-sur-Marne
25%
La Queue-les-Yvelines
25%
La Verrière
25%
Le Pecq
25%
Le Perray-en-Yvelines
25%
Le Raincy
25%
Les Clayes-sous-Bois
25%
Les Essarts-le-Roi
25%
L'Etang-la-Ville
25%
Le Vésinet
25%
L'Ile-Saint-Denis
25%
Lizy-sur-Ourcq
25%
Louveciennes
25%
Maisse
25%
Mareil-Marly
25%
Mareil-sur-Mauldre
25%
Marnes-la-Coquette
25%
Maule
25%
Méré
25%
Mériel
25%
Méry-sur-Oise
25%
Mézières-sur-Seine
25%
Moisselles
25%
Montfort-l'Amaury
25%
Montgeroult
25%
Montmagny
25%
Montsoult
25%
Moret-Loing-et-Orvanne
25%
Nanteuil-sur-Marne
25%
Neauphle-le-Château
25%
Nézel
25%
Orgerus
25%
Osny
25%
Paray-Vieille-Poste
25%
Parmain
25%
Pierrelaye
25%
Presles
25%
Richebourg
25%
Saint-Chéron
25%
Saint-Fargeau-Ponthierry
25%
Saint-Jean-les-Deux-Jumeaux
25%
Saint-Mard
25%
Saint-Nom-la-Bretèche
25%
Saint-Prix
25%
Serris
25%
Seugy
25%
Soisy-sous-Montmorency
25%
Tacoignières
25%
Taverny
25%
Thierval-Grignon
25%
Thomery
25%
Thorigny-sur-Marne
25%
Triel-sur-Seine
25%
Trilport
25%
Vaires-sur-Marne
25%
Vaucresson
25%
Vernouillet
25%
Vernou-la-Celle-sur-Seine
25%
Viarmes
25%
Villaines-sous-Bois
25%
Villebon-sur-Yvette
25%
Ville-d'Avray
25%
Villemomble
25%
Villennes-sur-Seine
25%
Villepreux
25%
Villetaneuse
25%
Villiers-sur-Marne
25%
Villiers-sur-Morin
25%
Wissous
25%
Armentières-en-Brie
0%
Bagneaux-sur-Loing
0%
Bailly
0%
Baulne
0%
Beynes
0%
Bourron-Marlotte
0%
Buchelay
0%
Buno-Bonnevaux
0%
Butry-sur-Oise
0%
Changis-sur-Marne
0%
Chartrettes
0%
Chateau-Landon
0%
Chennevières-sur-Marne
0%
Coignières
0%
Congis-sur-Thérouanne
0%
Couilly-Pont-aux-Dames
0%
Ecouen
0%
Eragny-sur-Oise
0%
Ezanville
0%
Frépillon
0%
Gargenville
0%
Grez-sur-Loing
0%
Hardricourt
0%
Héricy
0%
Isles-les-Meldeuses
0%
Issou
0%
Jouars-Pontchartrain
0%
Juziers
0%
La Grande-Paroisse
0%
Le Mesnil-Amelot
0%
Le Perchay
0%
Le Perreux-sur-Marne
0%
Les Loges-en-Josas
0%
Limay
0%
Maurecourt
0%
Meulan-en-Yvelines
0%
Moissy-Cramayel
0%
Montévrain
0%
Mours
0%
Nantouillet
0%
Nointel
0%
Pomponne
0%
Porcheville
0%
Pringy
0%
Saâcy-sur-Marne
0%
Saint-Leu-la-Forêt
0%
Saint-Mammès
0%
Saint-Pierre-les-Nemours
0%
Samoreau
0%
Santeuil
0%
Souppes-sur-Loing
0%
Thieux
0%
Verrières-le-Buisson
0%
Villiers-Saint-Frédéric
0%
Vulaines-sur-Seine
0%
Aucun quiz correspondant
Distribution des résultats
% des personnes avec chaque résultat
Percentile par nombre de réponses
Votre historique - résultats
Vous n’avez pas pris ce quiz